00366nam a2200145Ia 4500008004100000020001500041041001200056082001600068100001300084245006400097260002500161300000800186650000800194700001800202221030s9999 xx 000 0 und d a0074517503 aEnglish a105.23bSin aA. Singh 0aTelevision Maintenance & Repaircby A. Singh, A. K. Chhabra bTMHaNew Delhic1992 a200 aECE aA. K. Chhabra